Дело о разрешении Обществу любителей российской словесности при Императорском Московском университете устроить в течение Святой ...

RUSMARC
00005287cmc2a2200241#x 450
00191f34aa7-03dc-4852-abdd-b5b18ea9ceed
00520240321161602.0
100##$a20200226l18891889k l0rusy0189 ca
1010#$arus
102##$aRU
105##$ay###
1222#$ad18890205##
$ad18890515##
2001#$aДело о разрешении Обществу любителей российской словесности при Императорском Московском университете устроить в течение Святой недели по одному утреннему спектаклю в Петербурге и Москве, с обращением сбора (за вычетом вечеровых расходов) в капитал, составляемый для сооружения памятника Н. В. Гоголю
$j5 февраля - 15 мая 1889 г.
215##$a12 листов
$d36,5х26 см
251##$cДело
300##$aНа бланке обложки указано: "Дело Санкт-Петербургской конторы императорских театров"
300##$aПечатный и рукописный текст
371##$aДокумент не является опубликованным и широко распространяемым
461#0$10019264ebf8-de62-4f1a-9eb4-9f22098dbbd5
$12001
$aДирекция императорских театров МИДв
$1251
$cФонд
$1852
$j497
462#0$10016d2858c7-947f-46a8-934e-c3d97596ebca
$12001
$a1879-1918 гг.
$vД. 3991
$1251
$cОпись
$1852
$j6
801#0$aRU
$bРГИА
$c20200226
801#1$aRU
$bГлавНИВЦ
$c20200226
$2rusmarc
801#2$aRU
$bПБ им. Б.Н. Ельцина
$c20201007
$gRCR
$2rusmarc
850##$aФедеральное казенное учреждение "Российский государственный исторический архив"
852##$aРГИА
$j3991
937##$hРГИА
$d12338977
$aASBIBLIO_SCAN
035##$aRusGRCC00001460
856##$uhttp://readingroom.main.prlib.ru/item.aspx?id_node=n147670581&mode=full
60102$2nlr_sh
$3RU\NLR\AUTH\661285330
$aОбщество любителей российской словесности
$cМосква, город
$jАрхивные дела
605##$2acquisition_Prlib
$3LIBNET\UAF\0000081430
$aН. В. Гоголь
$lколлекция
605##$2acquisition_Prlib
$3DITM\AF\0000003834
$aНарод
$lколлекция
600#1$2prlib_sh
$3LIBNET\UAF\0000082265
$aГоголь
$bН.В.
$f1809-1852
$gНиколай Васильевич
$jАрхивные дела
$xУвековечение памяти
686##$2rubbk
$a83.3(2=411.2)521-8Гоголь, Н.В.ю1
$vLBC/M
Формат отображения